| 000 | 00596cam a2200145 4500500 | ||
|---|---|---|---|
| 005 | 20251012020628.0 | ||
| 041 | _afre | ||
| 042 | _adc | ||
| 100 | 1 | 0 |
_aValdrini, Patrick _eauthor |
| 245 | 0 | 0 | _aCENALMOR Daniel et MIRAS Jorge, Il Diritto della Chiesa. Corso di Diritto Canonico, coll. Sussidi di Teologia, Edizioni Università della Santa Croce, Rome, 2005, 530 p. |
| 260 | _c2005. | ||
| 500 | _a7 | ||
| 786 | 0 | _nL'Année canonique | XLVII | 1 | 2005-02-11 | p. 376-377 | 0570-1953 | |
| 856 | 4 | 1 | _uhttps://shs.cairn.info/revue-l-annee-canonique-2005-1-page-376?lang=fr&redirect-ssocas=7080 |
| 999 |
_c1536228 _d1536228 |
||